[Event "FISU World University-ch 2020"]
[Site "Online"]
[Date "2020.10.26"]
[Round "8.14"]
[White "Walter, Szymon"]
[Black "Paradzik, Berislav"]
[Result "1-0"]
[WhiteElo "2276"]
[BlackElo "2185"]
[Annotator "ChessBase"]
[PlyCount "93"]
[EventDate "2020.10.26"]
[SourceTitle "playchess.com"]
[Source "ChessBase"]
[SourceQuality "1"]

1. e4 c5 2. Nc3 d6 3. f4 g6 4. Nf3 Bg7 5. Bb5+ Bd7 6. Bc4 Nc6 7. O-O e6 8. d3 Nge7 9. Ne2 O-O 10. Ng3 d5 11. Bb3 dxe4 12. dxe4 Nd4 13. c3 Nxb3 14. axb3 Bb5 15. Re1 a6 16. Be3 Qxd1 17. Raxd1 b6 18. Rd6 Rfb8 19. Ne5 Be8 20. Nf1 Bxe5 21. fxe5 Nc6 22. Bf4 Rd8 23. Bg5 Rxd6 24. exd6 Ne5 25. Ne3 Bc6 26. Rd1 Nd7 27. Ng4 Kg7 28. e5 h5 29. Nf6 Kf8 30. Nxd7+ Bxd7 31. Bf6 a5 32. Kf2 Ke8 33. g4 h4 34. Bxh4 a4 35. Ra1 Bc6 36. bxa4 c4 37. Bf6 Rxa4 38. Rxa4 Bxa4 39. h4 Bd1 40. Kg3 Kd7 41. Kf4 b5 42. Kg5 Be2 43. h5 gxh5 44. gxh5 Ke8 45. h6 Bd3 46. Be7 b4 47. cxb4 1-0

[Event "FISU World University-ch 2020"]
[Site "Online"]
[Date "2020.10.26"]
[Round "8.14"]
[White "Pavic, Filip"]
[Black "Tomaszewski, Kacper"]
[Result "1/2-1/2"]
[WhiteElo "2255"]
[BlackElo "2320"]
[Annotator "TA"]
[PlyCount "52"]
[EventDate "2020.10.26"]
[SourceTitle "playchess.com"]
[Source "ChessBase"]
[SourceQuality "1"]

1. e4 c6 2. d4 d5 3. e5 Bf5 4. h4 h6 5. Bd3 Bxd3 6. Qxd3 e6 7. Be3 Qa5+ 8. Nd2 Qa6 9. c4 dxc4 10. Qxc4 Ne7 11. Ne2 Nd5 12. Nc3 Nb6 13. Qxa6 Nxa6 14. Nde4 O-O-O 15. Ke2 Nc4 16. b3 Na3 17. Rac1 Nc7 18. Rhd1 Be7 19. h5 Kb8 20. Na4 Rd5 21. Nb2 f5 22. exf6 gxf6 23. Ng3 Bd6 24. Ne4 Be7 25. Ng3 Bd6 26. Ne4 Be7 1/2-1/2

[Event "FISU World University-ch 2020"]
[Site "Online"]
[Date "2020.10.26"]
[Round "8.14"]
[White "Pavcevic, Bruno"]
[Black "Dzierzak, Radoslaw"]
[Result "1-0"]
[WhiteElo "2125"]
[BlackElo "2252"]
[Annotator "ChessBase"]
[PlyCount "55"]
[EventDate "2020.10.26"]
[SourceTitle "playchess.com"]
[Source "ChessBase"]
[SourceQuality "1"]

1. e4 c5 2. Nf3 e6 3. b3 b6 4. Bb2 Bb7 5. Nc3 Nc6 6. Bb5 Nd4 7. Nxd4 cxd4 8. Ne2 Qg5 9. Bd3 Qxg2 10. Ng3 Qh3 11. Bxd4 Nf6 12. Qe2 Ba3 13. c3 h5 14. f3 h4 15. Bxf6 gxf6 16. Nf1 Rg8 17. Ne3 Bc5 18. O-O-O f5 19. Rdg1 Ke7 20. Qf2 fxe4 21. fxe4 Bxe3 22. dxe3 Rac8 23. Bf1 Rxc3+ 24. Kd2 Rxg1 25. Rxg1 Bxe4 26. Kxc3 Qf5 27. Qxf5 Bxf5 28. Bd3 1-0

[Event "FISU World University-ch 2020"]
[Site "Online"]
[Date "2020.10.26"]
[Round "8.14"]
[White "Cieslak, Wiktoria"]
[Black "Bogdanic, Antonela"]
[Result "1-0"]
[WhiteElo "2010"]
[BlackElo "1752"]
[Annotator "NA"]
[PlyCount "73"]
[EventDate "2020.10.26"]
[SourceTitle "playchess.com"]
[Source "ChessBase"]
[SourceQuality "1"]

1. e4 e5 2. Nf3 Nc6 3. d4 exd4 4. Nxd4 Bc5 5. Be3 Qf6 6. c3 Nge7 7. Bc4 Ne5 8. Be2 N7g6 9. Qd2 h6 10. O-O O-O 11. f4 Nc6 12. e5 Qe7 13. Nf5 Bxe3+ 14. Qxe3 Qe8 15. Bd3 d6 16. exd6 Qxe3+ 17. Nxe3 cxd6 18. Nd2 Re8 19. Nd5 Rd8 20. Rae1 Bd7 21. Nc4 Be6 22. Nc7 Rac8 23. Nxe6 fxe6 24. Rxe6 Nf8 25. Rxd6 Rxd6 26. Nxd6 Rd8 27. Bc4+ Kh7 28. Ne4 Ng6 29. g3 Na5 30. Be2 Re8 31. Bd3 Nc4 32. Bxc4 Rxe4 33. Bd3 Re3 34. Rd1 h5 35. Kf2 Re7 36. Bc2 Kh6 37. Rd6 1-0

[Event "FISU World University-ch 2020"]
[Site "Online"]
[Date "2020.10.26"]
[Round "8.15"]
[White "Garcia de Dios, Jose Antonio"]
[Black "Gamage, Chathulanka"]
[Result "1/2-1/2"]
[WhiteElo "2206"]
[BlackElo "1895"]
[Annotator "ChessBase"]
[PlyCount "87"]
[EventDate "2020.10.26"]
[SourceTitle "playchess.com"]
[Source "ChessBase"]
[SourceQuality "1"]

1. d4 Nf6 2. c4 g6 3. Nc3 Bg7 4. e4 d6 5. f4 O-O 6. Nf3 c5 7. d5 e6 8. Be2 exd5 9. cxd5 Re8 10. Nd2 Nbd7 11. O-O c4 12. Bxc4 Nc5 13. Qf3 Bg4 14. Qg3 Ncxe4 15. Ndxe4 Nxe4 16. Nxe4 Rxe4 17. Bd3 Rd4 18. Qxg4 Rxd3 19. f5 Rxd5 20. fxg6 hxg6 21. Be3 Qe7 22. Rae1 Re5 23. Bf2 Re8 24. Bg3 Rxe1 25. Rxe1 Qd8 26. Rxe8+ Qxe8 27. h4 Qe3+ 28. Kh1 Be5 29. Qc8+ Kg7 30. Bxe5+ Qxe5 31. Qxb7 Qe1+ 32. Kh2 Qxh4+ 33. Kg1 Qd4+ 34. Kh2 Qb6 35. Qd5 Qxb2 36. Qxd6 a5 37. a3 Qf6 38. Qc5 Qh4+ 39. Kg1 Qe1+ 40. Kh2 Qh4+ 41. Kg1 Qe1+ 42. Kh2 Qh4+ 43. Kg1 Qe1+ 44. Kh2 1/2-1/2

[Event "FISU World University-ch 2020"]
[Site "Online"]
[Date "2020.10.26"]
[Round "8.15"]
[White "Luna Javier, Edgar Froylan"]
[Black "Jayaweera, C L"]
[Result "1-0"]
[WhiteElo "2114"]
[BlackElo "1781"]
[Annotator "ChessBase"]
[PlyCount "57"]
[EventDate "2020.10.26"]
[SourceTitle "playchess.com"]
[Source "ChessBase"]
[SourceQuality "1"]

1. d4 Nf6 2. Nf3 e6 3. g3 b6 4. Bg2 Bb7 5. O-O Be7 6. c4 O-O 7. Nc3 d5 8. Ne5 Nbd7 9. Qa4 a6 10. Nxd7 Nxd7 11. cxd5 exd5 12. Nxd5 Bxd5 13. Bxd5 Ra7 14. Rd1 Nf6 15. Bf3 b5 16. Qb3 Qd7 17. e4 c6 18. Bf4 h6 19. Rac1 Rd8 20. Qc3 Rc8 21. Qb3 Rd8 22. Qe3 g5 23. Be5 Ng4 24. Bxg4 Qxg4 25. d5 c5 26. f3 Qd7 27. d6 Bf8 28. Rxc5 Rc8 29. Rxc8 1-0

[Event "FISU World University-ch 2020"]
[Site "Online"]
[Date "2020.10.26"]
[Round "8.15"]
[White "Doluweera, Dinul Thisura"]
[Black "Quiroga Jaquez, Angel Ivan"]
[Result "0-1"]
[WhiteElo "1863"]
[BlackElo "2178"]
[Annotator "ChessBase"]
[PlyCount "66"]
[EventDate "2020.10.26"]
[SourceTitle "playchess.com"]
[Source "ChessBase"]
[SourceQuality "1"]

1. d4 d5 2. c4 c6 3. Nc3 Nf6 4. e3 e6 5. Nf3 Nbd7 6. Qc2 Be7 7. g4 dxc4 8. Bxc4 Nd5 9. Bd2 b6 10. e4 Nb4 11. Qb3 a5 12. a3 Na6 13. Qc2 Bb7 14. Bf4 b5 15. Be2 b4 16. axb4 Nxb4 17. Qd2 O-O 18. O-O c5 19. d5 exd5 20. exd5 Bf6 21. d6 Re8 22. Bb5 Bxf3 23. g5 Bd4 24. Rfe1 Rb8 25. Ba4 Re6 26. Nb5 Nb6 27. Rxe6 fxe6 28. Nc7 Nxa4 29. Rxa4 e5 30. Ne6 Qd7 31. Nxd4 cxd4 32. Bxe5 Qxa4 33. Qxd4 Qa1+ 0-1

[Event "FISU World University-ch 2020"]
[Site "Online"]
[Date "2020.10.26"]
[Round "8.15"]
[White "Methmani, Nelunika"]
[Black "Fuentes Godoy, Lilia Ivonne"]
[Result "0-1"]
[WhiteElo "1601"]
[BlackElo "2196"]
[Annotator "ChessBase"]
[PlyCount "98"]
[EventDate "2020.10.26"]
[SourceTitle "playchess.com"]
[Source "ChessBase"]
[SourceQuality "1"]

1. d4 d5 2. c4 e6 3. Nf3 Nf6 4. Nbd2 Be7 5. g3 O-O 6. Bg2 c6 7. O-O b6 8. Qc2 Bb7 9. Re1 Na6 10. b3 Rc8 11. e4 c5 12. dxc5 dxe4 13. Ng5 Nb4 14. Qd1 Nd3 15. Re3 Bxc5 16. Ndxe4 Bxe3 17. Bxe3 Nxe4 18. Nxe4 Bxe4 19. Bxe4 Nc5 20. Bg2 Qxd1+ 21. Rxd1 Rfd8 22. Rc1 Nd3 23. Rc3 Rd7 24. Kf1 Nb4 25. a3 Nd5 26. Bxd5 exd5 27. Rd3 d4 28. Rxd4 Rxd4 29. Bxd4 Rd8 30. Be5 Rd3 31. Bb8 a6 32. b4 Rxa3 33. Bc7 Rb3 34. c5 bxc5 35. bxc5 Rc3 36. Bb6 Kf8 37. Ke2 Ke8 38. Kd2 Rb3 39. Bc7 Kd7 40. Bd6 a5 41. Kc2 a4 42. Be5 f6 43. Bc3 Kc6 44. Bd4 h5 45. h4 Kb5 46. Kc1 Rd3 47. Be3 Rxe3 48. fxe3 Kxc5 49. Kb2 Kd5 0-1

[Event "FISU World University-ch 2020"]
[Site "Online"]
[Date "2020.10.26"]
[Round "8.16"]
[White "Gonzalez Lopez, Nicolas Mateo"]
[Black "Serikbay, Chingiz"]
[Result "0-1"]
[WhiteElo "2200"]
[BlackElo "2338"]
[Annotator "TA"]
[PlyCount "56"]
[EventDate "2020.10.26"]
[SourceTitle "playchess.com"]
[Source "ChessBase"]
[SourceQuality "1"]

1. d4 Nf6 2. c4 c6 3. Nc3 d5 4. Nf3 e6 5. e3 Nbd7 6. Qc2 Bd6 7. g4 h6 8. Rg1 Qe7 9. Bd2 dxc4 10. Bxc4 e5 11. dxe5 Nxe5 12. Nxe5 Bxe5 13. h3 Be6 14. Qb3 Bxc4 15. Qxc4 O-O-O 16. O-O-O Nd5 17. Kb1 Qe6 18. Ne4 Nc3+ 19. Qxc3 Bxc3 20. Nxc3 Rd3 21. f3 Rhd8 22. Ne4 b6 23. b3 g6 24. Kc2 f5 25. Nf2 R3d6 26. e4 Qe5 27. b4 Qh2 28. Be3 f4 0-1

[Event "FISU World University-ch 2020"]
[Site "Online"]
[Date "2020.10.26"]
[Round "8.16"]
[White "Mukhit, Aisezym"]
[Black "Zuleta, Juan Carlos"]
[Result "1-0"]
[WhiteElo "1919"]
[BlackElo "1934"]
[Annotator "NA"]
[PlyCount "93"]
[EventDate "2020.10.26"]
[SourceTitle "playchess.com"]
[Source "ChessBase"]
[SourceQuality "1"]

1. e4 c5 2. Nf3 e6 3. d3 Nc6 4. g3 g6 5. Bg2 Bg7 6. Nbd2 Nge7 7. O-O O-O 8. c3 d5 9. Re1 dxe4 10. Nxe4 b6 11. Bg5 f6 12. Be3 e5 13. d4 cxd4 14. cxd4 Bg4 15. Qb3+ Qd5 16. Qa4 b5 17. Qc2 Rac8 18. Nc3 Qf7 19. dxe5 b4 20. Nb5 Nxe5 21. Nxe5 Rxc2 22. Nxf7 Kxf7 23. Bxa7 Be2 24. Nd4 Rxb2 25. Rxe2 Rxe2 26. Nxe2 f5 27. Re1 Rd8 28. Nf4 Bc3 29. Rc1 g5 30. Ne2 Bf6 31. Bc5 Ng6 32. Bxb4 Ne5 33. Rc7+ Kg6 34. Nc3 Rd2 35. h3 Nd3 36. Rd7 h5 37. g4 hxg4 38. hxg4 Bxc3 39. Bxc3 Rd1+ 40. Bf1 Nxf2 41. Rg7+ Kh6 42. Kxf2 Rc1 43. Rc7 Rc2+ 44. Kg3 f4+ 45. Kf3 Rxa2 46. Bd3 Ra7 47. Bg7# 1-0

[Event "FISU World University-ch 2020"]
[Site "Online"]
[Date "2020.10.26"]
[Round "8.16"]
[White "Pinillo Canon, Silvana"]
[Black "Barmagambetova, Sakypzhamal"]
[Result "1/2-1/2"]
[WhiteElo "1785"]
[BlackElo "1894"]
[Annotator "NA"]
[PlyCount "67"]
[EventDate "2020.10.26"]
[SourceTitle "playchess.com"]
[Source "ChessBase"]
[SourceQuality "1"]

1. e4 c5 2. Nf3 d6 3. d4 cxd4 4. Nxd4 Nf6 5. Nc3 a6 6. Be2 e5 7. Nb3 Be7 8. O-O O-O 9. a4 Be6 10. Be3 Nc6 11. Qd2 d5 12. exd5 Nxd5 13. Nxd5 Qxd5 14. Rfd1 Qxd2 15. Rxd2 Bb4 16. Rdd1 Rfd8 17. Nc5 Bxc5 18. Bxc5 f5 19. f3 Nd4 20. Bxd4 exd4 21. Rd2 Rd7 22. Rad1 Rad8 23. Kf2 Kf7 24. f4 Kf6 25. Rd3 h6 26. Bf3 g5 27. g3 b6 28. Be2 a5 29. R3d2 Ke7 30. Bb5 Rd6 31. Rd3 Rc8 32. R1d2 g4 33. Ke1 Rcd8 34. Ke2 1/2-1/2

[Event "FISU World University-ch 2020"]
[Site "Online"]
[Date "2020.10.26"]
[Round "8.16"]
[White "Barmagambetov, Sagynysh"]
[Black "Aguas Cardenas, Darley"]
[Result "0-1"]
[WhiteElo "1776"]
[BlackElo "1737"]
[Annotator "NA"]
[PlyCount "92"]
[EventDate "2020.10.26"]
[SourceTitle "playchess.com"]
[Source "ChessBase"]
[SourceQuality "1"]

1. d4 d5 2. c4 c6 3. Nc3 Nf6 4. Nf3 dxc4 5. e4 b5 6. Ne5 a6 7. a4 Bb7 8. axb5 cxb5 9. d5 e6 10. Bg5 Be7 11. Be2 O-O 12. O-O exd5 13. exd5 Nxd5 14. Bxe7 Nxe7 15. Bf3 Qxd1 16. Rfxd1 Bxf3 17. gxf3 Nbc6 18. Nxc6 Nxc6 19. Rd6 Nb4 20. Ne4 Rfc8 21. Kg2 h6 22. Kh3 Rc6 23. Rd2 Nd3 24. Nc3 Rd8 25. Kg3 Rg6+ 26. Kh4 Rd4+ 27. f4 Rxf4+ 28. Kh3 Nxf2+ 29. Rxf2 Rxf2 30. Ne4 Rxb2 31. Rd1 Rb3+ 32. Ng3 Rd3 33. Re1 c3 34. Kh4 c2 35. Nf5 Kh7 36. Rc1 Rd2 37. h3 b4 38. Ne3 b3 39. Rf1 Rd4+ 40. Ng4 Rdxg4+ 41. hxg4 b2 42. Rxf7 c1=Q 43. Rf3 b1=Q 44. Rg3 Qh1+ 45. Rh3 Qbe1+ 46. Kh5 Qxh3# 0-1

[Event "FISU World University-ch 2020"]
[Site "Online"]
[Date "2020.10.26"]
[Round "8.17"]
[White "Voloshynskyi, Liubomyr"]
[Black "Perez, Murillo Angel"]
[Result "0-1"]
[WhiteElo "2118"]
[BlackElo "1963"]
[Annotator "ChessBase"]
[PlyCount "122"]
[EventDate "2020.10.26"]
[SourceTitle "playchess.com"]
[Source "ChessBase"]
[SourceQuality "1"]

1. e4 c5 2. Nf3 Nc6 3. d4 cxd4 4. Nxd4 Nf6 5. Nc3 d6 6. Be2 g6 7. O-O Bg7 8. Be3 O-O 9. Kh1 Nxd4 10. Bxd4 a6 11. a4 Qa5 12. f4 e5 13. fxe5 dxe5 14. Bg1 Be6 15. Qe1 Qb4 16. Bd3 Rac8 17. Rb1 Rfd8 18. Qe3 Nh5 19. Ne2 Qxa4 20. b4 Qd7 21. b5 a5 22. b6 Nf6 23. Bb5 Qd2 24. Qxd2 Rxd2 25. Bd3 Bc4 26. Be3 Bxd3 27. Bxd2 Bxe2 28. Rfe1 Ba6 29. Bxa5 Bf8 30. Rb2 Rc4 31. h3 Nxe4 32. c3 f5 33. g4 Bc5 34. gxf5 Nf2+ 35. Kg2 Nd3 36. Rbe2 Nxe1+ 37. Rxe1 Ra4 38. Bb4 Bxb4 39. cxb4 Rxb4 40. fxg6 hxg6 41. Rxe5 Rxb6 42. Kg3 Kg7 43. Rc5 Bb5 44. Kf4 Bc6 45. h4 Rb4+ 46. Kg3 Kh6 47. Re5 Rb1 48. Rc5 Be8 49. Re5 Bf7 50. Re7 Kg7 51. Rc7 b5 52. Kf2 b4 53. Rb7 b3 54. Ke3 Rh1 55. Rb4 Kf6 56. Kd2 Be6 57. Kc3 Rh3+ 58. Kb2 Ke5 59. Ra4 Bd5 60. Rg4 Rh2+ 61. Kb1 Be4+ 0-1

[Event "FISU World University-ch 2020"]
[Site "Online"]
[Date "2020.10.26"]
[Round "8.17"]
[White "Dzurak, Vitalii"]
[Black "Hernandez Rendon, Carlos A"]
[Result "1-0"]
[WhiteElo "1894"]
[BlackElo "1838"]
[Annotator "NA"]
[PlyCount "57"]
[EventDate "2020.10.26"]
[SourceTitle "playchess.com"]
[Source "ChessBase"]
[SourceQuality "1"]

1. d4 Nf6 2. c4 c5 3. d5 g6 4. Nc3 Bg7 5. e4 d6 6. f4 O-O 7. Nf3 e6 8. Be2 exd5 9. cxd5 Re8 10. Nd2 Na6 11. O-O Nc7 12. a4 b6 13. Re1 Rb8 14. Bf3 Ba6 15. Nf1 Nd7 16. g4 Qh4 17. Be3 f6 18. Ng3 f5 19. gxf5 Nf6 20. Qd2 Bh6 21. e5 dxe5 22. fxe5 Bxe3+ 23. Rxe3 Ng4 24. Bxg4 Qxg4 25. Re4 Qh3 26. d6 Rbd8 27. Qg5 Ne6 28. fxe6 Bb7 29. d7 1-0

[Event "FISU World University-ch 2020"]
[Site "Online"]
[Date "2020.10.26"]
[Round "8.17"]
[White "Hernandez Vazquez, Gerardo"]
[Black "Medvedyk, Vasyl"]
[Result "0-1"]
[WhiteElo "1886"]
[BlackElo "1930"]
[Annotator "NA"]
[PlyCount "74"]
[EventDate "2020.10.26"]
[SourceTitle "playchess.com"]
[Source "ChessBase"]
[SourceQuality "1"]

1. e4 c5 2. Nf3 d6 3. d4 cxd4 4. Nxd4 Nf6 5. Nc3 a6 6. Bc4 e6 7. Bb3 Nbd7 8. f3 Nc5 9. Be3 Be7 10. Qd2 Bd7 11. O-O-O Nxb3+ 12. Nxb3 b5 13. Kb1 a5 14. g4 a4 15. Nd4 b4 16. Nce2 Qc7 17. h4 O-O 18. h5 b3 19. cxb3 axb3 20. a3 e5 21. Nf5 Bxf5 22. gxf5 d5 23. exd5 Nxd5 24. Rc1 Qb7 25. Ng3 Bxa3 26. bxa3 Rxa3 27. Rc5 Nxe3 28. Qxe3 Rfa8 29. Qe4 Ra1+ 30. Kb2 R1a2+ 31. Kc3 Rc2+ 32. Kd3 Qa6+ 33. Ke3 Rxc5 34. Rb1 Rc3+ 35. Kf2 Rc2+ 36. Kg1 Qb6+ 37. Kh1 Rac8 0-1

[Event "FISU World University-ch 2020"]
[Site "Online"]
[Date "2020.10.26"]
[Round "8.17"]
[White "Rodriguez Silva, Sheila Angelica"]
[Black "Sydoryak, Vira"]
[Result "0-1"]
[WhiteElo "1745"]
[BlackElo "1791"]
[Annotator "NA"]
[PlyCount "48"]
[EventDate "2020.10.26"]
[SourceTitle "playchess.com"]
[Source "ChessBase"]
[SourceQuality "1"]

1. e4 c5 2. b3 Nc6 3. Bb2 d6 4. Bb5 Nf6 5. d3 g6 6. f4 Bg7 7. Nf3 Qa5+ 8. Nc3 Nxe4 9. Bxc6+ bxc6 10. dxe4 Bxc3+ 11. Bxc3 Qxc3+ 12. Nd2 Bg4 13. Qxg4 Qxa1+ 14. Kf2 Qxh1 15. Nf1 O-O 16. Qd7 a5 17. a4 c4 18. e5 dxe5 19. fxe5 Rad8 20. Qxc6 cxb3 21. cxb3 Rd1 22. Qc4 Qxf1+ 23. Qxf1 Rxf1+ 24. Kxf1 Rb8 0-1

[Event "FISU World University-ch 2020"]
[Site "Online"]
[Date "2020.10.26"]
[Round "8.18"]
[White "Georgescu, Lena"]
[Black "Obeysekara, T A Sajith Chathuran"]
[Result "1-0"]
[WhiteElo "2276"]
[BlackElo "1684"]
[Annotator "ChessBase"]
[PlyCount "87"]
[EventDate "2020.10.26"]
[SourceTitle "playchess.com"]
[Source "ChessBase"]
[SourceQuality "1"]

1. e4 d6 2. d4 g6 3. Nc3 Bg7 4. g3 Nc6 5. d5 Nb8 6. Be3 Nf6 7. h3 O-O 8. Bg2 c6 9. Nge2 c5 10. O-O a6 11. a4 Nbd7 12. Kh2 Rb8 13. a5 b5 14. axb6 Nxb6 15. b3 Ra8 16. Qd2 Bd7 17. Bh6 a5 18. Bxg7 Kxg7 19. f4 a4 20. e5 Ne8 21. e6 Bc8 22. Nxa4 Nxa4 23. bxa4 f5 24. Rfb1 Nf6 25. Nc3 Ba6 26. Nb5 Bxb5 27. axb5 Qb6 28. c4 Rfb8 29. Qb2 Kg8 30. Bf3 Ne8 31. g4 fxg4 32. hxg4 Rxa1 33. Rxa1 Nc7 34. f5 Rf8 35. Be4 gxf5 36. Bxf5 Rf6 37. Kg3 Nxd5 38. cxd5 c4 39. Qc3 h6 40. Re1 Qxb5 41. Qxf6 exf6 42. e7 Kf7 43. e8=Q+ Qxe8 44. Bg6+ 1-0

[Event "FISU World University-ch 2020"]
[Site "Online"]
[Date "2020.10.26"]
[Round "8.18"]
[White "Dill, Xaver"]
[Black "Jeyanthan, Krishna Rahul"]
[Result "1-0"]
[WhiteElo "2138"]
[BlackElo "1629"]
[Annotator "TA"]
[PlyCount "71"]
[EventDate "2020.10.26"]
[SourceTitle "playchess.com"]
[Source "ChessBase"]
[SourceQuality "1"]

1. Nf3 Nf6 2. c4 d6 3. Nc3 g6 4. d4 Bg7 5. e4 O-O 6. h3 e5 7. d5 Nbd7 8. Be3 a5 9. Be2 Qe7 10. g4 Nc5 11. Nd2 c6 12. g5 Ne8 13. h4 f5 14. b3 Na6 15. f3 f4 16. Bf2 Bh8 17. Qc2 Ng7 18. c5 Nb4 19. Qd1 dxc5 20. Nc4 cxd5 21. Nxd5 Nxd5 22. Qxd5+ Be6 23. Qxc5 Qxc5 24. Bxc5 Nh5 25. Bxf8 Kxf8 26. Kf2 Ng3 27. Rhd1 Rc8 28. Rac1 Nxe2 29. Kxe2 a4 30. Nd6 Rxc1 31. Rxc1 axb3 32. axb3 Bxb3 33. Nxb7 Bg7 34. Rc7 Kg8 35. Nc5 Bf8 36. Nxb3 1-0

[Event "FISU World University-ch 2020"]
[Site "Online"]
[Date "2020.10.26"]
[Round "8.18"]
[White "Aluvihare, Shakila"]
[Black "Meylan, Andre"]
[Result "0-1"]
[WhiteElo "1655"]
[BlackElo "2205"]
[Annotator "TA"]
[PlyCount "168"]
[EventDate "2020.10.26"]
[SourceTitle "playchess.com"]
[Source "ChessBase"]
[SourceQuality "1"]

1. d4 e6 2. Nf3 Nf6 3. Bg5 c5 4. c3 Be7 5. e3 b6 6. Nbd2 cxd4 7. exd4 O-O 8. Bd3 Ba6 9. Qe2 Bxd3 10. Qxd3 Nc6 11. O-O a6 12. Rad1 d5 13. Rfe1 b5 14. a3 Na5 15. Ne5 Rc8 16. Ndf3 Ne4 17. Bxe7 Qxe7 18. Qe2 Nd6 19. Nd3 Nac4 20. Nb4 Qb7 21. Ne5 Nxe5 22. Qxe5 Nc4 23. Qe2 a5 24. Nd3 Qe7 25. f4 Nd6 26. Nc5 Rfe8 27. Rd3 Qf6 28. Rf3 b4 29. axb4 axb4 30. Qe5 Qxe5 31. fxe5 Nc4 32. cxb4 Rb8 33. Rb3 Nd2 34. Rd3 Nc4 35. Rb3 Rb5 36. Nd3 Ra8 37. Rc3 g6 38. Rec1 Ra2 39. R3c2 Ne3 40. Rc5 Rb7 41. Ra5 Ra7 42. Rxa7 Rxa7 43. Nc5 Nf5 44. Rd1 Ra2 45. Rd2 Ne3 46. b5 Nc4 47. Rc2 Ra5 48. b3 Nb6 49. Na4 Rxb5 50. Nxb6 Rxb6 51. Rc3 Rb4 52. Rd3 f6 53. exf6 Kf7 54. Kf2 Kxf6 55. Ke2 Kf5 56. Kd2 Ke4 57. Re3+ Kxd4 58. Rxe6 Rxb3 59. Re7 h5 60. Ke2 Rb6 61. Ra7 Ke4 62. Re7+ Kd4 63. Ra7 Rc6 64. Ra4+ Kc3 65. Ra3+ Kc4 66. Ra4+ Kc3 67. Ra3+ Kd4 68. Ra4+ Rc4 69. Ra6 Rc2+ 70. Kf3 g5 71. Ra4+ Ke5 72. h3 Rc3+ 73. Ke2 Rc2+ 74. Kf3 Rc4 75. Ra5 Rc3+ 76. Ke2 Ke4 77. Ra4+ d4 78. Ra8 Rc2+ 79. Kf1 d3 80. Re8+ Kd4 81. Rd8+ Ke3 82. Re8+ Kd2 83. g4 hxg4 84. hxg4 Rc4 0-1

[Event "FISU World University-ch 2020"]
[Site "Online"]
[Date "2020.10.26"]
[Round "8.18"]
[White "Kulatunga, Dinithi"]
[Black "Stoeri, Laura"]
[Result "0-1"]
[WhiteElo "1402"]
[BlackElo "2126"]
[Annotator "ChessBase"]
[PlyCount "142"]
[EventDate "2020.10.26"]
[SourceTitle "playchess.com"]
[Source "ChessBase"]
[SourceQuality "1"]

1. d4 Nf6 2. c4 e6 3. Nc3 Bb4 4. e3 b6 5. Nf3 Bb7 6. Be2 O-O 7. O-O c5 8. Qc2 cxd4 9. exd4 d5 10. cxd5 Nxd5 11. Ng5 Nf6 12. Be3 h6 13. Nf3 Nbd7 14. Ne5 Qe7 15. Bf3 Bxf3 16. Nxf3 Rfc8 17. Rac1 Ng4 18. Bf4 Qf6 19. Bg3 Qe7 20. Rfe1 Qf8 21. Qa4 Ngf6 22. a3 Bxc3 23. bxc3 Nb8 24. Ne5 Qe8 25. Qxe8+ Rxe8 26. h3 Nfd7 27. Ng4 Nc6 28. Re2 Rac8 29. Rec2 b5 30. Ne3 Nb6 31. Kf1 Na5 32. Ng4 f6 33. f3 Rc6 34. Re1 Kf7 35. Nf2 Rec8 36. Ne4 Nac4 37. Ra1 Nd5 38. Bf2 Nce3+ 39. Bxe3 Nxe3+ 40. Ke2 Nxc2 41. Rc1 Nxa3 42. Nc5 Nc4 43. Ra1 R8c7 44. Kd3 a5 45. Rb1 Rb6 46. Nb3 e5 47. Nc5 Nd6 48. Nb3 exd4 49. cxd4 a4 50. Nc5 Nb7 51. Nxa4 Ra6 52. Nc5 Ra3+ 53. Ke2 Nxc5 54. dxc5 Rxc5 55. Rb2 Ra4 56. Kd2 b4 57. Kd3 Ke6 58. Kd4 Kd6 59. Kd3 Rc3+ 60. Ke2 b3 61. Kd2 Rac4 62. Ke1 Kc5 63. Kd1 Rc1+ 64. Kd2 R4c2+ 65. Rxc2+ Rxc2+ 66. Ke3 b2 67. Kf4 b1=Q 68. g4 Rc4+ 69. Kg3 Qg1+ 70. Kh4 g6 71. f4 Qf2# 0-1

[Event "FISU World University-ch 2020"]
[Site "Online"]
[Date "2020.10.26"]
[Round "8.19"]
[White "Vaculik, Jakub"]
[Black "Da Silva Araujo, Gabriel Victor"]
[Result "0-1"]
[WhiteElo "2147"]
[BlackElo "2011"]
[Annotator "TA"]
[PlyCount "96"]
[EventDate "2020.10.26"]
[SourceTitle "playchess.com"]
[Source "ChessBase"]
[SourceQuality "1"]

1. c4 Nf6 2. Nc3 c5 3. g3 Nc6 4. Bg2 e6 5. e4 d6 6. d3 Be7 7. Nge2 O-O 8. a3 Bd7 9. Rb1 a5 10. O-O Rb8 11. f4 Ne8 12. Be3 Nc7 13. d4 cxd4 14. Nxd4 Nxd4 15. Bxd4 b5 16. cxb5 Nxb5 17. Nxb5 Rxb5 18. Rf2 e5 19. Be3 Qb8 20. fxe5 Be6 21. exd6 Bxd6 22. Bd4 Bxa3 23. Bf1 Rb3 24. Ra1 Bxb2 25. Bxb2 Rxb2 26. Rd2 Rxd2 27. Qxd2 Qb4 28. Qxb4 axb4 29. Rb1 b3 30. Kf2 Rc8 31. Bd3 Kf8 32. Ke3 Ke7 33. Kd4 Rc7 34. Ra1 h6 35. Rb1 Kf6 36. h4 g5 37. e5+ Ke7 38. Rb2 Rc1 39. hxg5 hxg5 40. Be4 Rg1 41. Bg2 Kd7 42. Ke3 Kc7 43. Kf2 Rc1 44. Be4 Kb6 45. g4 Kc5 46. Bf5 Bxf5 47. gxf5 Rc2+ 48. Rxc2+ bxc2 0-1

[Event "FISU World University-ch 2020"]
[Site "Online"]
[Date "2020.10.26"]
[Round "8.19"]
[White "Damaceno, Mateus Lima"]
[Black "Marikova, Jana"]
[Result "1-0"]
[WhiteElo "2136"]
[BlackElo "2163"]
[Annotator "TA"]
[PlyCount "57"]
[EventDate "2020.10.26"]
[SourceTitle "playchess.com"]
[Source "ChessBase"]
[SourceQuality "1"]

1. e4 c5 2. Nf3 d6 3. d4 cxd4 4. Nxd4 Nf6 5. Nc3 a6 6. Nb3 e6 7. g4 Be7 8. Bg2 Nc6 9. Be3 Ne5 10. g5 Nfg4 11. Bd2 Bxg5 12. Qe2 Bh4 13. O-O h5 14. h3 Nh6 15. f4 Nc6 16. Qxh5 Bf6 17. Rad1 Qb6+ 18. Kh1 g6 19. Qe2 Bd7 20. e5 dxe5 21. fxe5 Bxe5 22. Bxh6 Rxh6 23. Rxd7 Kxd7 24. Qd2+ Kc7 25. Qxh6 Rh8 26. Rxf7+ Kb8 27. Rf8+ Rxf8 28. Qxf8+ Ka7 29. Qc5 1-0

[Event "FISU World University-ch 2020"]
[Site "Online"]
[Date "2020.10.26"]
[Round "8.19"]
[White "Otruba, Marek"]
[Black "Rodrigues, Vanessa Ketlyn Sousa"]
[Result "0-1"]
[WhiteElo "2017"]
[BlackElo "1744"]
[Annotator "NA"]
[PlyCount "78"]
[EventDate "2020.10.26"]
[SourceTitle "playchess.com"]
[Source "ChessBase"]
[SourceQuality "1"]

1. e4 c5 2. Nf3 d6 3. d4 cxd4 4. Nxd4 Nf6 5. Nc3 Nc6 6. Bg5 h6 7. Bh4 g5 8. Bg3 Bg7 9. Bb5 Bd7 10. Bxc6 bxc6 11. Qd2 O-O 12. h4 Nh7 13. hxg5 Nxg5 14. f4 Qb6 15. Nb3 Bxc3 16. Qxc3 Nxe4 17. Qf3 Nf6 18. Bh4 Bg4 19. Qg3 Qb4+ 20. Nd2 Qxd2+ 21. Kxd2 Ne4+ 22. Kd3 Nxg3 23. Bxg3 h5 24. Bh4 Rfe8 25. Rhe1 e6 26. Bf6 Rab8 27. Re3 Kh7 28. Rh1 Kg6 29. Bc3 Rb5 30. Kd2 e5 31. Rhe1 Rd5+ 32. Rd3 Rxd3+ 33. cxd3 f6 34. d4 e4 35. Ke3 Kf5 36. Rc1 Rc8 37. Bb4 d5 38. Bc5 a6 39. Rc4 dxc4 0-1